| 000 | 01341nam a22003017i 4500 | ||
|---|---|---|---|
| 003 | EG-GICUC | ||
| 005 | 20260121101525.0 | ||
| 008 | 251219s1967 su ||||fr|||| 00| 0 ara d | ||
| 040 |
_a EG-GICUC _bara _c EG-GICUC _d EG-GICUC _erda |
||
| 041 | 0 | _aara | |
| 082 | 0 | 4 |
_221 _a345.421 _bع ب . ن |
| 092 | 0 | 4 | _221 |
| 099 | _aLaw1 07 345.421 ع ب . ن 3 ed - 1967 | ||
| 100 | 0 |
_aعبد العزيز المهنا _eمؤلف. |
|
| 245 | 1 | 0 |
_aنظام الموظفين العام و نظام الوظائف المؤقتة : _bمع عقد استخدام الموظفين الأجانب معلقا عليها بالمراسيم الملكية ، وقرارات مجلس الوزراء ، والأوامر السامية ، والتعليمات / _cإعداد و تصنيف عبد العزيز المهنا. |
| 250 | _aالطبعة الثالثة | ||
| 264 | 3 |
_aالرياض : _bمعهد الإدارة العامة، _c1967. |
|
| 300 |
_a262 ؛صفحة _c24 سم. |
||
| 336 |
_2rda content _atext |
||
| 337 |
_2rda media _aComputer |
||
| 338 |
_2rda carrier _aOnline Resource |
||
| 546 | _aالنص باللغة العربية | ||
| 650 | 1 | 4 | _aالموظف العام الدولي |
| 650 | 1 | 4 | _aالقانون الإداري |
| 856 | 4 | 0 | _uhttps://fll.law.cu.edu.eg/fulltext/bks/B07-01496.pdf |
| 905 |
_a32 _eYara |
||
| 942 |
_2ddc _cBK _e21 _n0 |
||
| 999 |
_c51773 _d51773 |
||